Library of the University of Algiers 3
Ibrahim Sultan Cheibout
شعار جامعة الجزائر 3
مكتبة جامعة الجزائر 3
إبراهيم سلطان شيبوط

اتخاذ القرارات الصعبة باستخدام مجموعة نظم برامج أدوات القرار : (رقم التسجيلة. 43724)

تفاصيل مارك
000 -LEADER
fixed length control field 01456nam a2200241Ia 4500
003 - CONTROL NUMBER IDENTIFIER
control field Ost
005 - DATE AND TIME OF LATEST TRANSACTION
control field 20260507075255.0
008 - FIXED-LENGTH DATA ELEMENTS--GENERAL INFORMATION
fixed length control field 260507s9999||||xx |||||||||||||| ||und||
020 ## - INTERNATIONAL STANDARD BOOK NUMBER
International Standard Book Number 7597249960
040 ## - CATALOGING SOURCE
Transcribing agency fsecg
041 ## - LANGUAGE CODE
Language code of text/sound track or separate title ara
082 ## - DEWEY DECIMAL CLASSIFICATION NUMBER
Classification number 330
100 ## - MAIN ENTRY--PERSONAL NAME
Personal name كليمان، روبرت
Relator term مؤلف
245 #0 - TITLE STATEMENT
Title اتخاذ القرارات الصعبة باستخدام مجموعة نظم برامج أدوات القرار :
Remainder of title الكتاب الاول /
Statement of responsibility, etc. روبرت كليمان
260 ## - PUBLICATION, DISTRIBUTION, ETC.
Place of publication, distribution, etc. الرياض:
Name of publisher, distributor, etc. دار المريخ,
Date of publication, distribution, etc. 2010
300 ## - PHYSICAL DESCRIPTION
Extent 541 صفحة؛
Other physical details إيضاحات ؛
Dimensions 24 سم
520 ## - SUMMARY, ETC.
Summary, etc. مقدمة لتحليل القرار تتناول العثة الغجرية ووزارة الزراعة بولاية أوريجون الامريكية بالتطرق الى لماذا تكون القرارات الصعبة و لماذا يدرس تحليل القرار ... ، 1) نمذجة القرارات : عناصر مشاكل القرارات ، هيكلة القرارات ، عمل الاختيارات ، تحليل الحساسية ، الابداع و هيكلة القرار 2) نمذجة عدم التأكد : أساسيات الاحتمالات ، الاحتمال الشخصي .
653 ## - INDEX TERM--UNCONTROLLED
Uncontrolled term إتخاذ القرار
653 ## - INDEX TERM--UNCONTROLLED
Uncontrolled term الاجراءات الادارية
653 ## - INDEX TERM--UNCONTROLLED
Uncontrolled term القرارات الادارية
700 ## - ADDED ENTRY--PERSONAL NAME
Personal name سرور، سرور علي ابراهيم
Relator term مؤلف ثانوي
942 ## - ADDED ENTRY ELEMENTS (KOHA)
Koha item type كتب
المقتنيات
Withdrawn status Lost status Source of classification or shelving scheme Damaged status Not for loan Home library Current library Date acquired Serial enumeration / chronology Inventory number Total checkouts Full call number Barcode Date last seen Price effective from Koha item type
    Dewey Decimal Classification   NOT LOAN / إعارة داخلية مكتبة كلية العلوم الإقتصادية والعلوم التجارية وعلوم التسيير مكتبة كلية العلوم الإقتصادية والعلوم التجارية وعلوم التسيير 07/05/2026 الطابق الأرضي 17874   أ/3702ك1ن1 17874 07/05/2026 07/05/2026 كتب
    Dewey Decimal Classification   Available مكتبة كلية العلوم الإقتصادية والعلوم التجارية وعلوم التسيير مكتبة كلية العلوم الإقتصادية والعلوم التجارية وعلوم التسيير 07/05/2026 الطابق الأرضي 17875   أ/3702ك1ن2 17875 07/05/2026 07/05/2026 كتب
    Dewey Decimal Classification   Available مكتبة كلية العلوم الإقتصادية والعلوم التجارية وعلوم التسيير مكتبة كلية العلوم الإقتصادية والعلوم التجارية وعلوم التسيير 07/05/2026 الطابق الأرضي 17876   أ/3702ك1ن3 17876 07/05/2026 07/05/2026 كتب
    Dewey Decimal Classification   Available مكتبة كلية العلوم الإقتصادية والعلوم التجارية وعلوم التسيير مكتبة كلية العلوم الإقتصادية والعلوم التجارية وعلوم التسيير 07/05/2026 الطابق الثاني 17877   أ/3702ك1ن4 17877 07/05/2026 07/05/2026 كتب
    Dewey Decimal Classification   Available مكتبة كلية العلوم الإقتصادية والعلوم التجارية وعلوم التسيير مكتبة كلية العلوم الإقتصادية والعلوم التجارية وعلوم التسيير 07/05/2026 الطابق الثاني 17878   أ/3702ك1ن5 17878 07/05/2026 07/05/2026 كتب
    Dewey Decimal Classification   Available مكتبة كلية العلوم الإقتصادية والعلوم التجارية وعلوم التسيير مكتبة كلية العلوم الإقتصادية والعلوم التجارية وعلوم التسيير 07/05/2026 الطابق الثاني 17879   أ/3702ك1ن6 17879 07/05/2026 07/05/2026 كتب

موارد الويب المفتوحة


© University of Algiers 3 All Rights Reserved
|
Implemented by LECHELAH Riad